[Event "Calvi Balagne op 05th"]
[Site "Calvi"]
[Date "2008.04.12"]
[Round "9"]
[White "Pleynet, Olivier"]
[Black "Geronimi, Pierre Francois"]
[Result "0-1"]
[WhiteElo "1974"]
[BlackElo "1935"]
[PlyCount "48"]
[EventDate "2008.04.06"]
[EventType "swiss"]
[EventRounds "9"]
[EventCountry "FRA"]
[SourceTitle "CBM 123 Extra"]
[Source "ChessBase"]
[SourceDate "2008.05.06"]
[SourceVersion "1"]
[SourceVersionDate "2008.05.06"]
[SourceQuality "1"]

1. e4 c5 2. Nc3 Nc6 3. Bc4 e6 4. f4 Nge7 5. d3 d5 6. Bb5 Bd7 7. Nf3 g6 8. 0-0 Bg7 9. Qe1 0-0 10. Qh4 Nd4 11. Bxd7 Qxd7 12. Nxd4 cxd4 13. Ne2 dxe4 14. dxe4 Rac8 15. Rf3 Rxc2 16. Rh3 h5 17. Ng3 Rfc8 18. Nxh5 Rxc1+ 19. Rxc1 Rxc1+ 20. Kf2 gxh5 21. Qxh5 d3 22. Qh7+ Kf8 23. Rg3 Qd4+ 24. Kf3 d2 0-1

[Event "Calvi Balagne op 05th"]
[Site "Calvi"]
[Date "2008.04.08"]
[Round "3"]
[White "Battesti, Leo"]
[Black "Pleynet, Olivier"]
[Result "1/2-1/2"]
[WhiteElo "1785"]
[BlackElo "1974"]
[PlyCount "66"]
[EventDate "2008.04.06"]
[EventType "swiss"]
[EventRounds "9"]
[EventCountry "FRA"]
[SourceTitle "CBM 123 Extra"]
[Source "ChessBase"]
[SourceDate "2008.05.06"]
[SourceVersion "1"]
[SourceVersionDate "2008.05.06"]
[SourceQuality "1"]

1. Nf3 d6 2. d4 g6 3. g3 Bg7 4. Bg2 Nc6 5. 0-0 Nf6 6. c4 0-0 7. Nc3 e5 8. e4 Bg4 9. d5 Nd4 10. Qd3 Nxf3+ 11. Bxf3 Bh3 12. Re1 Qd7 13. b4 Ne8 14. Bh1 f5 15. f4 fxe4 16. Bxe4 Nf6 17. fxe5 dxe5 18. Bb2 Ng4 19. Re2 Qf7 20. Bg2 Bxg2 21. Kxg2 Bh6 22. Ne4 Rae8 23. h3 Nf6 24. Rf1 Qe7 25. c5 Nxe4 26. Rxe4 Rxf1 27. Qxf1 Rf8 28. Qe2 Bg7 29. a4 Qd7 30. Qc4 Qf5 31. Qe2 Qd7 32. Qc4 Qf5 33. Qe2 Qd7 1/2-1/2

[Event "Calvi Balagne op 05th"]
[Site "Calvi"]
[Date "2008.04.07"]
[Round "2"]
[White "Pleynet, Olivier"]
[Black "David, Alberto"]
[Result "0-1"]
[WhiteElo "1974"]
[BlackElo "2562"]
[PlyCount "92"]
[EventDate "2008.04.06"]
[EventType "swiss"]
[EventRounds "9"]
[EventCountry "FRA"]
[SourceTitle "CBM 123 Extra"]
[Source "ChessBase"]
[SourceDate "2008.05.06"]
[SourceVersion "1"]
[SourceVersionDate "2008.05.06"]
[SourceQuality "1"]

1. e4 c5 2. Nc3 e6 3. g3 a6 4. a4 Nc6 5. Bg2 g6 6. d3 Bg7 7. f4 Nge7 8. Nf3 d6 9. 0-0 0-0 10. Ne2 Bd7 11. c3 e5 12. Qc2 b5 13. axb5 axb5 14. Be3 Rc8 15. Qd2 b4 16. fxe5 bxc3 17. bxc3 Nxe5 18. Nxe5 Bxe5 19. d4 cxd4 20. cxd4 Bg7 21. Rab1 Nc6 22. Bf4 Bg4 23. d5 Bxe2 24. Qxe2 Nd4 25. Qa6 Be5 26. Bxe5 dxe5 27. Rf2 Qc7 28. Qf6 Rcd8 29. Rbf1 Nb5 30. Qa6 Qc5 31. Kh1 Nd6 32. Rf6 Qb4 33. Qe2 Ra8 34. Qg4 Rfd8 35. Qe2 Ra3 36. R6f3 Ra4 37. Rf6 Rda8 38. Qf3 Ra1 39. Qg4 R8a2 40. Qd7 Qd2 41. Qh3 Rxf1+ 42. Rxf1 Qe2 43. Bf3 Qd3 44. Bg2 Nxe4 45. Qc8+ Kg7 46. Qd7 Nf2+ 0-1

[Event "Marseille op"]
[Site "Marseille"]
[Date "2007.12.29"]
[Round "5"]
[White "Pleynet, Olivier"]
[Black "Peric, Slavisa"]
[Result "0-1"]
[WhiteElo "1918"]
[BlackElo "2258"]
[PlyCount "104"]
[EventDate "2007.12.27"]
[EventType "swiss"]
[EventRounds "9"]
[EventCountry "FRA"]
[SourceTitle "CBM 122 Extra"]
[Source "ChessBase"]
[SourceDate "2008.03.04"]
[SourceVersion "1"]
[SourceVersionDate "2008.03.04"]
[SourceQuality "1"]

1. Nf3 d5 2. d4 c5 3. c3 e6 4. Bf4 Nc6 5. e3 Nf6 6. Nbd2 Bd6 7. Bxd6 Qxd6 8. Bd3 0-0 9. e4 cxd4 10. cxd4 dxe4 11. Nxe4 Qb4+ 12. Qd2 Rd8 13. Rd1 Qxd2+ 14. Rxd2 Nb4 15. Nxf6+ gxf6 16. Bc4 b6 17. a3 Nd5 18. 0-0 Bb7 19. Bb3 Rac8 20. Rfd1 Ne7 21. Nh4 Rc7 22. f3 Bd5 23. Bxd5 Rxd5 24. Kf2 Rcd7 25. Ke3 Nc6 26. b4 a5 27. bxa5 Nxa5 28. Rc2 b5 29. g4 Nc4+ 30. Ke4 Nxa3 31. Rb2 Nc4 32. Rb4 Kf8 33. f4 Ke7 34. Nf3 Ra7 35. Rxc4 bxc4 36. Rc1 Rc7 37. Rc3 Ra5 38. f5 Ra2 39. Ke3 Kd6 40. fxe6 fxe6 41. g5 fxg5 42. Nxg5 Rxh2 43. Ne4+ Ke7 44. Kf4 Rh4+ 45. Ke5 Rxe4+ 46. Kxe4 Kd6 47. Rc2 c3 48. Ke3 Kd5 49. Kd3 h5 50. Ke3 Kc4 51. Ke4 Kb3 52. Kd3 Rc6 0-1

[Event "Bouches du Rhone op 0607"]
[Site "Bouches du Rhone"]
[Date "2007.01.13"]
[Round "4"]
[White "Scamaroni, Jean Paul"]
[Black "Pleynet, Olivier"]
[Result "1-0"]
[WhiteElo "1820"]
[BlackElo "1925"]
[PlyCount "95"]
[EventDate "2006.10.21"]
[EventType "swiss"]
[EventRounds "9"]
[EventCountry "FRA"]
[SourceTitle "EXT 2008"]
[Source "ChessBase"]
[SourceDate "2007.11.25"]
[SourceVersion "1"]
[SourceVersionDate "2007.11.25"]
[SourceQuality "1"]

1. d4 Nf6 2. c4 d6 3. Nc3 g6 4. e4 Bg7 5. f4 0-0 6. Nf3 c6 7. Be2 d5 8. cxd5 cxd5 9. e5 Ne8 10. 0-0 Nc6 11. Be3 Bg4 12. Qb3 e6 13. Qxb7 Ne7 14. Qb3 Nf5 15. Bf2 Bh6 16. g3 Rb8 17. Qc2 Qb6 18. Na4 Qb4 19. Be1 Nxd4 20. Nxd4 Qxd4+ 21. Bf2 Qxa4 22. Qxa4 Bxe2 23. Rfe1 Bb5 24. Qxa7 Ng7 25. Rac1 Ra8 26. Qc5 Bd3 27. a3 Rfb8 28. Qc3 Bc4 29. b4 Ne8 30. Ra1 Nc7 31. a4 Bf8 32. b5 Rb7 33. b6 Na6 34. a5 Bb4 35. Qb2 Bc5 36. Bxc5 Nxc5 37. Qc3 Ra6 38. Reb1 Ne4 39. Qb4 Ra8 40. Re1 Ba6 41. Rac1 Rab8 42. Qd4 Kf8 43. Rc7 Ke8 44. Rec1 Kf8 45. Qb4+ Kg8 46. Qe7 Rxc7 47. Rxc7 Rf8 48. b7 1-0

[Event "Bouches du Rhone op 0607"]
[Site "Bouches du Rhone"]
[Date "2006.10.21"]
[Round "1"]
[White "Pleynet, Olivier"]
[Black "Thiers, Jean Jacques"]
[Result "0-1"]
[WhiteElo "1925"]
[BlackElo "1680"]
[PlyCount "62"]
[EventDate "2006.10.21"]
[EventType "swiss"]
[EventRounds "9"]
[EventCountry "FRA"]
[SourceTitle "EXT 2008"]
[Source "ChessBase"]
[SourceDate "2007.11.25"]
[SourceVersion "1"]
[SourceVersionDate "2007.11.25"]
[SourceQuality "1"]

1. e4 e5 2. Nf3 Nc6 3. Bc4 Nf6 4. Nc3 Bc5 5. d3 d6 6. Bg5 h6 7. Be3 Bxe3 8. fxe3 Bg4 9. Qd2 Na5 10. Bb3 Nxb3 11. axb3 Bxf3 12. gxf3 d5 13. 0-0-0 Qd7 14. Rhg1 Rg8 15. exd5 Nxd5 16. Rdf1 0-0-0 17. f4 exf4 18. Nxd5 Qxd5 19. Rxf4 Rd6 20. Qc3 Qe6 21. e4 Rc6 22. Qb4 Qe5 23. Rxf7 Rxc2+ 24. Kxc2 Qxh2+ 25. Kc3 Qxg1 26. Qe7 Qc1+ 27. Kb4 Rd8 28. Rf8 Qd2+ 29. Ka4 Qxd3 30. Rxd8+ Qxd8 31. Qxg7 Qd7+ 0-1

[Event "Marseille op"]
[Site "Marseille"]
[Date "2003.12.27"]
[Round "2"]
[White "Boudre, Jean Pierre"]
[Black "Pleynet, Olivier"]
[Result "1-0"]
[WhiteElo "2370"]
[BlackElo "1988"]
[PlyCount "84"]
[EventDate "2003.12.26"]
[EventType "swiss"]
[EventRounds "9"]
[EventCountry "FRA"]
[SourceTitle "CBM 097 Extra"]
[Source "ChessBase"]
[SourceDate "2004.01.13"]
[SourceVersion "1"]
[SourceVersionDate "2004.01.13"]
[SourceQuality "1"]

1. e4 d6 2. d4 g6 3. Nc3 Bg7 4. Bg5 Nc6 5. Nge2 h6 6. Be3 e5 7. f3 Nge7 8. dxe5 Nxe5 9. Nf4 Be6 10. Qd2 a6 11. Nxe6 fxe6 12. Be2 N7c6 13. 0-0 Qe7 14. Rab1 Nf7 15. Nd1 Rd8 16. c4 0-0 17. Nc3 Kh7 18. f4 b6 19. Rbd1 Rde8 20. Bd3 Qd7 21. Ne2 Ne7 22. Qc2 e5 23. f5 Nh8 24. g4 Bf6 25. Kh1 g5 26. Ng3 Rg8 27. Nh5 Ref8 28. c5 bxc5 29. Bxa6 Qc6 30. Bc4 Rg7 31. a4 Ng8 32. b4 Be7 33. b5 Qb6 34. Bxg8+ Rgxg8 35. Qc4 Qb8 36. a5 Qa8 37. Ra1 Rb8 38. Rfb1 Rbf8 39. a6 Bd8 40. Rd1 Nf7 41. Qd5 Qa7 42. Qb7 Qb6 1-0

[Event "Provence-ch 9900"]
[Site "France"]
[Date "2000.??.??"]
[Round "2"]
[White "Metras, Dominique"]
[Black "Pleynet, Olivier"]
[Result "1-0"]
[WhiteElo "2035"]
[BlackElo "2046"]
[PlyCount "89"]
[EventDate "1999.??.??"]
[EventType "tourn"]
[EventRounds "9"]
[EventCountry "FRA"]
[SourceTitle "EXT 2005"]
[Source "ChessBase"]
[SourceDate "2004.11.15"]
[SourceVersion "1"]
[SourceVersionDate "2004.11.15"]
[SourceQuality "1"]

1. c4 Nf6 2. Nc3 g6 3. g3 Bg7 4. Bg2 c6 5. e4 d6 6. Nge2 h5 7. h3 Nbd7 8. d4 e5 9. Be3 Qc7 10. Qd2 b6 11. 0-0 Bb7 12. Rad1 0-0 13. Bh6 Kh7 14. Bxg7 Kxg7 15. f4 Rad8 16. fxe5 dxe5 17. d5 cxd5 18. cxd5 Ba6 19. Rc1 Nc5 20. Qe3 Qd7 21. Rfd1 Rc8 22. Kh2 h4 23. g4 Qxg4 24. Bf3 Qd7 25. b4 Na4 26. Qg5 Qd6 27. Nxa4 Bxe2 28. Bxe2 Qxb4 29. Qxe5 Rxc1 30. Rxc1 Qxa4 31. Rf1 Qxa2 32. Qxf6+ Kg8 33. Rf2 Qa3 34. Qxh4 a5 35. Qf6 Qe3 36. e5 Qd4 37. d6 a4 38. h4 a3 39. h5 a2 40. h6 Qxf2+ 41. Qxf2 Kh7 42. Qd4 Ra8 43. Qa1 Kxh6 44. Bc4 Ra5 45. d7 1-0